000 00556nam a2200181Ia 4500
005 20250508161850.0
008 008 250505s9999 xx 000 0 eng d
037 _aBooks to be hide in OPAC
040 _aFEDL
_beng
_cFEDL
041 _aeng
_2eng
084 _a373.1, GAY/O
_qFEDL
100 _aGayles Anne Richardson Ed.
_9771700
245 0 _aInstructional planning in the secondary school
260 _aNew York, USA
_bDavid McKay Company, Inc.
_c1973
300 _axxv,170p.
942 _cHB
_h373.1, GAY/O
999 _c1372818
_d1372818